[Event "Khanty-Mansiysk FIDE GP"]
[Site "Khanty-Mansiysk"]
[Date "2015.05.15"]
[Round "2"]
[White "Giri, Anish"]
[Black "Karjakin, Sergey"]
[Result "1/2-1/2"]
[WhiteElo "2776"]
[BlackElo "2753"]
[PlyCount "61"]
[EventDate "2015.05.14"]
[EventType "tourn"]
[EventRounds "11"]
[EventCountry "RUS"]
[EventCategory "21"]
[SourceTitle "CBM 167"]
[Source "ChessBase"]
[SourceDate "2015.07.13"]
[SourceVersion "1"]
[SourceVersionDate "2015.07.13"]
[SourceQuality "1"]
[TimeControl "40/7200+30:1000/900+30:0"]
[WhiteClock "0:26:33"]
[BlackClock "0:03:54"]

1. Nf3 {[%emt 0:00:32]} Nf6 {[%emt 0:00:42]} 2. g3 {[%emt 0:02:02]} c5 {
[%emt 0:03:06]} 3. Bg2 {[%emt 0:00:44]} Nc6 {[%emt 0:00:37]} 4. O-O {[%emt 0:
00:36]} e5 {[%emt 0:01:03] Some sort of strange Reti position, in which Black
never played d5. Giri overpressed, and despite having the pair of bishops and
some open files on the kingside, he was in danger as his structure on the
queenside was decimated and his central pawns were under attack.} 5. e4 {
[%emt 0:00:34]} Be7 {[%emt 0:01:36]} 6. Nc3 {[%emt 0:00:35]} d6 {[%emt 0:01:34]
} 7. d3 {[%emt 0:00:39]} O-O {[%emt 0:00:37]} 8. h3 {[%emt 0:00:35]} Rb8 {
[%emt 0:08:52]} (8... Bd7 9. Nd2 Nd4 10. a4 Nc6 11. Nc4 Nb4 12. f4 exf4 13.
Bxf4 Be6 14. Ne3 d5 15. Nf5 Bxf5 16. exf5 Bd6 17. Ne2 h6 18. c3 Nc6 19. g4 Re8
20. Qd2 Bxf4 21. Nxf4 d4 22. Qf2 Qd6 23. Rae1 Rad8 24. c4 b6 25. Bxc6 Qxc6 26.
b3 a6 27. Qg3 Rxe1 28. Rxe1 Re8 29. Rxe8+ Qxe8 30. Kf2 b5 31. axb5 axb5 32. Qf3
bxc4 33. bxc4 Qe5 34. Qg3 Qb8 35. Ne2 Qb1 36. Qf3 Kh7 37. h4 h5 38. gxh5 {
Kramnik,V (2783)-Karjakin,S (2760) Zuerich 2015 1/2-1/2}) 9. Nh2 {[%emt 0:00:
58]} Bd7 $146 {[%emt 0:13:36]} (9... b5 10. Ng4 Bxg4 11. hxg4 b4 12. Nd5 Nxd5
13. exd5 Nd4 14. c3 Nb5 15. Bd2 Bg5 16. Be1 bxc3 17. bxc3 Qc8 18. Qa4 Rb6 19.
Rb1 Qb7 20. Rb3 g6 21. f4 exf4 22. gxf4 Bf6 23. Bd2 Rb8 24. Qe4 Qd7 25. g5 Bg7
26. Re1 Nc7 27. Qe7 Qxe7 28. Rxe7 Rxb3 29. axb3 Nb5 30. d4 cxd4 31. c4 Nc3 32.
Rxa7 d3 33. Ra2 Nxa2 {0-1 (33) Romanishin,O (2610)-Savon,V (2560) Kiev 1978})
10. Ng4 {[%emt 0:04:32]} Qc8 {[%emt 0:10:40]} 11. Nxf6+ {[%emt 0:06:05]} Bxf6 {
[%emt 0:01:05]} 12. Kh2 {[%emt 0:10:02]} Be6 {[%emt 0:15:16]} 13. f4 {[%emt 0:
10:43]} exf4 {[%emt 0:01:18]} 14. gxf4 {[%emt 0:01:33]} Bxc3 {[%emt 0:01:17]}
15. bxc3 {[%emt 0:02:07]} f5 {[%emt 0:00:33]} 16. Be3 {[%emt 0:22:33]} Qc7 {
[%emt 0:10:04]} 17. Qd2 {[%emt 0:07:52]} fxe4 {[%emt 0:29:56]} 18. dxe4 {
[%emt 0:01:27]} Na5 {[%emt 0:00:35]} 19. Bf2 {[%emt 0:06:42]} Nc4 {[%emt 0:00:
58]} 20. Qc1 {[%emt 0:00:42]} Bd7 {[%emt 0:05:43]} 21. f5 {[%emt 0:03:13]} Bc6
{[%emt 0:00:57]} 22. Bh4 {[%emt 0:02:38]} Rbe8 {[%emt 0:02:28]} 23. Qf4 {
[%emt 0:01:00]} Qa5 {[%emt 0:07:24]} 24. f6 {[%emt 0:12:21]} Rf7 {[%emt 0:00:
39]} 25. Qg3 {[%emt 0:00:49]} Nd2 {[%emt 0:02:26]} 26. Rf4 {[%emt 0:00:44]}
Nxe4 {[%emt 0:01:28]} 27. Bxe4 {[%emt 0:00:58]} Rxe4 {[%emt 0:01:01]} 28. Rxe4
{[%emt 0:03:16]} Bxe4 {[%emt 0:00:32]} 29. Re1 {[%emt 0:00:49]} Bc6 {[%emt 0:
03:26]} 30. Qxd6 {[%emt 0:00:55]} Qc7 $6 $138 {[%emt 0:01:37] Karjakin
definitely had the better chances, and near the end instead of the safe 30...
Qc7?! he could have tried to go for the win with 30...Qxa2! taking a pawn and
asking Giri if he had any real compensation.} (30... Qxa2) 31. Qxc7 {[%emt 0:
00:41]} 1/2-1/2

[Event "Khanty-Mansiysk FIDE GP"]
[Site "Khanty-Mansiysk"]
[Date "2015.05.17"]
[Round "4"]
[White "Gelfand, Boris"]
[Black "Giri, Anish"]
[Result "1/2-1/2"]
[WhiteElo "2744"]
[BlackElo "2776"]
[PlyCount "79"]
[EventDate "2015.05.14"]
[EventType "tourn"]
[EventRounds "11"]
[EventCountry "RUS"]
[EventCategory "21"]
[SourceTitle "CBM 167"]
[Source "ChessBase"]
[SourceDate "2015.07.13"]
[SourceVersion "1"]
[SourceVersionDate "2015.07.13"]
[SourceQuality "1"]
[TimeControl "40/7200:20/3600:900+30"]

1. d4 {[%emt 0:00:01]} Nf6 {[%emt 0:00:05]} 2. c4 {[%emt 0:00:02]} e6 {[%emt 0:
00:05]} 3. Nf3 {[%emt 0:00:04]} d5 {[%emt 0:00:04]} 4. Nc3 {[%emt 0:00:05]} Bb4
{[%emt 0:00:03]} 5. Bg5 {[%emt 0:00:09]} h6 {[%emt 0:00:05]} 6. Bxf6 {[%emt 0:
00:03]} Qxf6 {[%emt 0:00:05]} 7. e3 {[%emt 0:00:02]} O-O {[%emt 0:00:06]} 8.
Rc1 {[%emt 0:00:06]} dxc4 {[%emt 0:00:04]} 9. Bxc4 {[%emt 0:00:17]} c5 {
[%emt 0:00:03]} 10. O-O {[%emt 0:00:17]} cxd4 {[%emt 0:00:22]} 11. Ne4 {
[%emt 0:00:13]} Qe7 {[%emt 0:00:05]} 12. Nxd4 {[%emt 0:00:46]} Bd7 {[%emt 0:00:
13]} 13. Bd3 {[%emt 0:02:40]} (13. Qh5 Nc6 14. Nb3 {Aronian,L (2804)-Anand,V 
(2785) Grand Slam Final 7th 2014 (6) 1-0}) 13... Nc6 {[%emt 0:00:05]} 14. Nb3 {
[%emt 0:00:03]} Na5 $146 {[%emt 0:00:03]} (14... Rfd8 15. a3 Ba5 16. Nd6 Be8
17. Nxe8 Qxe8 18. Nxa5 Nxa5 19. b4 Nc6 20. Qb3 Ne7 21. Rc7 Rab8 22. Be4 Nd5 23.
Rc4 Rd7 24. Rfc1 Rbd8 25. Bf3 Qe7 26. Rd4 b6 27. g3 g6 28. Rcd1 Nf6 {1/2-1/2 
(28) Gelfand,B (2747)-Leko,P (2713) Tsaghkadzor 2015}) 15. Rc7 {[%emt 0:03:12]}
Rfd8 {[%emt 0:00:16]} (15... Nxb3 16. Rxb7 Rab8 17. Rxb8 Rxb8 18. Qxb3 $14 {
Roiz}) 16. a3 {[%emt 0:14:57]} Nxb3 {[%emt 0:05:06]} 17. Qxb3 {[%emt 0:12:23]}
Ba5 {[%emt 0:07:59]} 18. Rxb7 {[%emt 0:01:07] Gelfand "won" a pawn in this
Ragozin, but the resulting initiative allowed Giri to have a very pleasant
double rook endgame, even though he was the one with a material deficit.
Gelfand had no problems holding the draw either, though.} Ba4 {[%emt 0:04:54]}
19. Rxe7 {[%emt 0:07:20]} Bxb3 {[%emt 0:00:07]} 20. Nc5 {[%emt 0:06:06]} Bb6 {
[%emt 0:04:24]} 21. Nxb3 {[%emt 0:07:51]} Rxd3 {[%emt 0:00:13]} 22. Nd4 {
[%emt 0:00:04]} Bxd4 {[%emt 0:01:55]} 23. exd4 {[%emt 0:02:20]} Rb8 {[%emt 0:
00:23]} 24. Rxa7 {[%emt 0:02:43]} Rxb2 {[%emt 0:00:10]} 25. Ra4 {[%emt 0:01:44]
} Ra2 {[%emt 0:00:59]} 26. h4 {[%emt 0:01:02]} g6 {[%emt 0:00:29]} 27. g3 {
[%emt 0:01:08]} Kg7 {[%emt 0:00:17]} 28. Kg2 {[%emt 0:01:15]} g5 {[%emt 0:02:
55]} 29. hxg5 {[%emt 0:02:26]} hxg5 {[%emt 0:00:05]} 30. g4 {[%emt 0:05:51]}
Kf6 {[%emt 0:01:19]} 31. Re1 {[%emt 0:01:00]} Rdd2 {[%emt 0:00:07]} 32. Rf1 {
[%emt 0:00:02]} Rd3 {[%emt 0:00:04]} 33. Re1 {[%emt 0:00:03]} Rdxa3 {[%emt 0:
00:03]} 34. Rxa3 {[%emt 0:01:01]} Rxa3 {[%emt 0:00:02]} 35. Rd1 {[%emt 0:00:29]
} Ke7 {[%emt 0:00:05]} 36. d5 {[%emt 0:02:41]} e5 {[%emt 0:02:44]} 37. Rb1 {
[%emt 0:00:30]} Rd3 {[%emt 0:00:06]} 38. Rb7+ {[%emt 0:00:52]} Kf6 {[%emt 0:00:
09]} 39. Rb6+ {[%emt 0:00:05]} Ke7 {[%emt 0:00:08]} 40. Rb7+ {[%emt 0:00:00]}
1/2-1/2

[Event "FRA-chT Top 12"]
[Site "Montpellier"]
[Date "2015.06.01"]
[Round "3.1"]
[White "Giri, Anish"]
[Black "Michiels, Bart"]
[Result "1-0"]
[WhiteElo "2776"]
[BlackElo "2536"]
[PlyCount "77"]
[EventDate "2015.05.30"]
[EventType "team-tourn"]
[EventRounds "11"]
[EventCountry "FRA"]
[SourceTitle "CBM 166 Extra"]
[Source "ChessBase"]
[SourceDate "2015.06.18"]
[SourceVersion "1"]
[SourceVersionDate "2015.06.18"]
[SourceQuality "1"]
[WhiteTeam "Bischwiller"]
[BlackTeam "Grasse Echecs"]
[WhiteTeamCountry "FRA"]
[BlackTeamCountry "FRA"]

1. c4 c6 2. Nf3 d5 3. e3 Nf6 4. Nc3 e6 5. Qc2 Nbd7 6. b3 Bd6 7. Bb2 O-O 8. Be2
b6 9. Rg1 $5 Bb7 (9... Ne5 10. g4 Nfxg4 11. O-O-O Nxf3 12. Bxf3 Ne5 13. Be2 Ng6
14. f4 Qh4 15. Rg2 Bd7 16. Rdg1 b5 17. Rg4 Qh6 18. h4 f5 19. Rg5 Qxh4 20. Qd1
d4 21. Rh1 Qf2 22. Rf1 Qh4 23. Rh1 Qf2 24. Rf1 Qh4 25. Rh1 Qf2 {1/2-1/2 (25)
Wojtaszek,R (2705)-Dreev,A (2710) Warsaw 2011}) 10. g4 e5 (10... Qe7) 11. g5
Ne8 12. h4 Nc7 $146 (12... e4 13. Nd4 Be5 14. d3 exd3 15. Bxd3 g6 16. Nf3 Bh8
17. h5 Nc5 18. Be2 Bc8 19. O-O-O Bf5 20. Qd2 Nd6 21. Nd4 Rc8 22. Nxf5 Nxf5 23.
cxd5 cxd5 24. Kb1 d4 25. exd4 Qxd4 26. Qxd4 Bxd4 27. hxg6 hxg6 28. Rxd4 Nxd4
29. Nd5 Rfd8 30. Ne7+ Kf8 31. Nxc8 Nxe2 32. Rh1 Ke8 33. Rh8+ Kd7 34. Rxd8+ Kxd8
35. Nxa7 Kd7 36. Kc2 Ke6 37. Bf6 Nf4 38. Kd2 Nh3 39. Ke3 {1/2-1/2 (39) Papin,V
(2510)-Ter Sahakyan,S (2568) Chennai 2013}) 13. Bd3 g6 14. h5 Nc5 15. Be2 e4
16. Nxe4 $1 {[%csl Gb2,Rg8][%cal Gc2c3]} Nxe4 17. d3 Bb4+ 18. Kf1 Bc8 (18...
Nxf2 19. Kxf2) 19. dxe4 Bh3+ 20. Rg2 Ne6 (20... Bxg2+ 21. Kxg2 $16) 21. a3 dxe4
22. Qxe4 Bxg2+ 23. Kxg2 Nxg5 24. Qf4 Nxf3 25. axb4 Ng5 26. hxg6 fxg6 27. Qe5
Kf7 28. f4 Ne6 29. Bg4 Qe7 30. Rh1 Nxf4+ 31. exf4 Qxe5 32. Bxe5 h5 33. Bf3 Rad8
34. Bxc6 Rd2+ 35. Kf3 Rd3+ 36. Ke4 Rxb3 37. Ra1 Rxb4 38. Rxa7+ Ke6 39. Bd5# 1-0

[Event "FRA-chT Top 12"]
[Site "Montpellier"]
[Date "2015.06.03"]
[Round "5"]
[White "Demuth, Adrien"]
[Black "Giri, Anish"]
[Result "0-1"]
[WhiteElo "2515"]
[BlackElo "2776"]
[PlyCount "58"]
[EventDate "2015.05.30"]
[EventType "team-tourn"]
[EventRounds "11"]
[EventCountry "FRA"]
[SourceTitle "CBM 166 Extra"]
[Source "ChessBase"]
[SourceDate "2015.06.18"]
[SourceVersion "1"]
[SourceVersionDate "2015.06.18"]
[SourceQuality "1"]
[WhiteTeam "Poitiers Migne"]
[BlackTeam "Bischwiller"]
[WhiteTeamCountry "FRA"]
[BlackTeamCountry "FRA"]

1. d4 Nf6 2. c4 c5 3. d5 b5 4. cxb5 a6 5. bxa6 g6 6. Nc3 Bg7 7. e4 O-O 8. a7 $5
(8. e5 Ne8 9. f4 d6 10. Nf3 Nd7 11. e6 fxe6 12. Ng5 Ndf6 13. Nxe6 Bxe6 14. dxe6
d5 15. Be2 Nc7 16. O-O Nxe6 17. Rb1 {1/2-1/2 (17) Moiseenko,A (2695)-Dubov,D 
(2632) Jerusalem 2015}) (8. Nf3 d6 (8... Qa5 9. Bd2 Bxa6 10. Bxa6 Qxa6 11. Qe2
e6 (11... Qxe2+ 12. Kxe2) 12. dxe6 Qxe2+ {Korobov,A (2679)-Horvath,C (2537)
CRO-chT1A Bol 2014 (4.4) 1-0})) 8... Rxa7 9. Nf3 e6 10. Be2 exd5 11. exd5 d6
12. O-O Na6 13. Nd2 Re8 $146 (13... Nc7 14. Nc4 Re8 15. Bf4 Ncxd5 16. Nxd5 Nxd5
17. Qxd5 Rxe2 18. Nxd6 Bd4 19. Qc6 Ba6 20. Be3 Rxe3 21. fxe3 Bxe3+ 22. Kh1 Bxf1
23. Rxf1 Re7 24. Nc4 Qd3 25. Nxe3 Rxe3 26. Qf6 Qd5 27. a4 Re2 28. Rg1 Rxg2 29.
Rxg2 Qd1+ 30. Rg1 Qd5+ 31. Rg2 Qd1+ 32. Rg1 Qd5+ 33. Rg2 Qd1+ {1/2-1/2 (33)
Goryachkina,A (2438)-Kovalevskaya,E (2439) Kazan 2014}) 14. Bb5 Bg4 15. f3 Bd7
16. Nc4 Nh5 17. g4 Bxc3 18. Bxd7 Bd4+ 19. Qxd4 cxd4 20. Bxe8 Qxe8 21. gxh5 Nb4
22. Bf4 Nxd5 23. Nxd6 Qd7 24. Bg3 Ra6 25. Ne4 Rc6 26. Be5 f5 27. Nf2 Ne3 28.
Rfc1 Qd5 29. Rxc6 Qxf3 0-1

[Event "FRA-chT Top 12"]
[Site "Montpellier"]
[Date "2015.06.05"]
[Round "7.3"]
[White "Moussard, Jules"]
[Black "Giri, Anish"]
[Result "0-1"]
[WhiteElo "2444"]
[BlackElo "2776"]
[PlyCount "56"]
[EventDate "2015.05.30"]
[EventType "team-tourn"]
[EventRounds "11"]
[EventCountry "FRA"]
[SourceTitle "CBM 166 Extra"]
[Source "ChessBase"]
[SourceDate "2015.06.18"]
[SourceVersion "1"]
[SourceVersionDate "2015.06.18"]
[SourceQuality "1"]
[WhiteTeam "Evry Grand Roque"]
[BlackTeam "Bischwiller"]
[WhiteTeamCountry "FRA"]
[BlackTeamCountry "FRA"]

1. Nf3 d5 2. g3 g6 3. Bg2 Bg7 4. d4 Nd7 5. O-O Ngf6 6. Nbd2 O-O 7. c4 e6 (7...
c5 8. b3 b6 9. Bb2 Bb7 10. Rc1 Ne4 11. Nxe4 dxe4 12. Ng5 cxd4 13. Bxd4 Bh6 14.
Be3 Ne5 15. Ne6 Qxd1 16. Rcxd1 Bxe3 17. Nxf8 Bxf2+ 18. Rxf2 Rxf8 19. e3 Rc8 20.
Rfd2 Rc7 21. Rd8+ Kg7 22. Bf1 f5 23. Be2 Bc8 24. Kf2 Bd7 25. h3 h5 26. Ke1 Kf6
27. Rd2 Be6 28. Rf8+ Kg7 29. Ra8 Nc6 30. g4 fxg4 31. hxg4 h4 32. Bd1 g5 33. Bc2
Ne5 34. Bxe4 Nxg4 35. Rg2 h3 36. Rg3 Rd7 37. Rxh3 {Nikolic,P (2653)-Polgar,J 
(2681) Kallithea 2002 0-1}) 8. Qc2 b6 9. b3 Bb7 10. Bb2 c5 11. Rac1 Qe7 $146 (
11... Rc8 12. Qb1 Ne4 13. Rfd1 Qe7 14. dxc5 Ndxc5 15. Bxg7 Kxg7 16. Qb2+ Qf6
17. Qxf6+ Nxf6 18. Ne5 Rfd8 19. Ndf3 Nfe4 20. cxd5 Bxd5 21. Ng4 Nf6 22. Ne3
Nce4 23. Rxc8 Rxc8 24. Ne5 Nc3 25. Rd2 Rc5 26. Nd3 Ra5 27. Nb4 Bxg2 28. Kxg2
Rc5 29. Nd3 Nce4 30. Rb2 Rc3 31. Nd1 Rc7 32. Ne3 Nd6 33. f3 Nb5 34. Kf2 Nc3 35.
Ke1 Ncd5 36. Nd1 {1/2-1/2 (36) Vidit,S (2315)-Rajesh,V (2189) New Delhi 2007})
12. Ne5 (12. Rfd1 $142 Rac8 13. Qb1 $11) 12... Nxe5 13. dxe5 Ng4 14. cxd5 exd5
15. b4 cxb4 16. Qc7 Rfe8 17. Nf3 Rab8 18. e3 Nxe5 19. Nxe5 Bxe5 20. Bxe5 Qxe5
21. Qxe5 Rxe5 22. Rc7 a5 23. Rfc1 Kf8 24. Rd7 Rc8 25. Rxc8+ Bxc8 26. Rd8+ Re8
27. Rd6 Be6 28. Rxb6 Rc8 0-1

[Event "FRA-chT Top 12"]
[Site "Montpellier"]
[Date "2015.06.06"]
[Round "8.1"]
[White "Giri, Anish"]
[Black "Navara, David"]
[Result "1/2-1/2"]
[WhiteElo "2776"]
[BlackElo "2751"]
[PlyCount "73"]
[EventDate "2015.05.30"]
[EventType "team-tourn"]
[EventRounds "11"]
[EventCountry "FRA"]
[SourceTitle "CBM 166 Extra"]
[Source "ChessBase"]
[SourceDate "2015.06.18"]
[SourceVersion "1"]
[SourceVersionDate "2015.06.18"]
[SourceQuality "1"]
[WhiteTeam "Bischwiller"]
[BlackTeam "Mulhouse Philidor"]
[WhiteTeamCountry "FRA"]
[BlackTeamCountry "FRA"]

1. Nf3 d5 2. g3 c6 3. c4 Nf6 4. Bg2 Bg4 5. Ne5 Be6 6. O-O Nbd7 (6... dxc4 7.
Qc2 Qd4) 7. cxd5 Bxd5 8. Nf3 c5 (8... e6 9. Nc3 Be7 10. d3 Bxf3 11. Bxf3 O-O
12. Bg2 Nd5 13. Bd2 Bg5 14. Be1 Bf6 15. Qc2 g6 16. Ne4 Bg7 17. Rb1 a5 18. a3 a4
19. Bd2 Qb6 20. h4 h5 21. Rfc1 Rfd8 22. b4 axb3 23. Rxb3 Qa6 24. Rcb1 b5 25.
Rc1 Qa4 26. Nc3 Bxc3 27. Bxc3 Nc5 28. Rbb1 Qxc2 29. Rxc2 Nd7 30. Bb2 Ra6 31.
Rbc1 Rc8 32. e4 Ne7 33. f4 Re8 34. Bf3 Nb8 35. Kf2 Nd7 36. Ke3 Kh7 37. Kd2 c5
38. g4 {Petrosian,T (2648)-Malakhov,V (2716) Warsaw 2013 1-0}) 9. Nc3 Bc6 10.
d3 g6 11. Qb3 $146 (11. Bg5 Bg7 12. Re1 h6 13. Bf4 O-O 14. e4 Ng4 15. h3 Nge5
16. Nxe5 Nxe5 17. Bxe5 Bxe5 18. Qd2 Bg7 19. Nd5 e6 20. Ne3 Qd4 21. b3 Rfd8 22.
Red1 b6 23. a4 Bb7 24. Kh2 Qb2 25. Qxb2 Bxb2 26. Rab1 Bd4 27. Rd2 Rd7 28. Nc4
Rad8 29. Rc2 Bg7 30. Bf1 f5 31. f3 fxe4 32. dxe4 Rd1 33. Rxd1 Rxd1 34. Be2 Re1
35. Nd6 Bc6 36. Nc8 Bd7 37. Nxa7 Bd4 38. Nb5 e5 39. Nc7 Kf8 40. Nd5 {1/2-1/2 
(40) Bauduin,E (2255)-Arnaudov,P (2489) Cappelle la Grande 2011}) 11... Qb6 12.
Nd2 Bxg2 13. Qxb6 Nxb6 14. Kxg2 Bg7 15. a4 Nbd5 16. Nde4 Nxc3 (16... O-O) 17.
Nxc3 Kd7 18. Be3 Rhc8 19. a5 Ng4 20. Bd2 Ne5 21. Na4 Ke8 22. Bc3 Kf8 23. Bxe5
Bxe5 24. Rfc1 Bd6 25. Rc4 Rc6 26. Ra3 b5 27. axb6 axb6 28. Rb3 Bc7 29. d4 Ra5
30. Nc3 Bd8 31. e4 e6 32. Rb5 Rxb5 33. Nxb5 Rc8 34. Na7 Rc7 35. Nb5 Rd7 36.
dxc5 bxc5 37. Rxc5 1/2-1/2

[Event "FRA-chT Top 12"]
[Site "Montpellier"]
[Date "2015.06.07"]
[Round "9.2"]
[White "Giri, Anish"]
[Black "Cornette, Matthieu"]
[Result "1-0"]
[WhiteElo "2776"]
[BlackElo "2590"]
[PlyCount "73"]
[EventDate "2015.05.30"]
[EventType "team-tourn"]
[EventRounds "11"]
[EventCountry "FRA"]
[SourceTitle "CBM 166 Extra"]
[Source "ChessBase"]
[SourceDate "2015.06.18"]
[SourceVersion "1"]
[SourceVersionDate "2015.06.18"]
[SourceQuality "1"]
[WhiteTeam "Bischwiller"]
[BlackTeam "Bois Colombes"]
[WhiteTeamCountry "FRA"]
[BlackTeamCountry "FRA"]

1. e4 e5 2. Nf3 Nc6 3. Bb5 Nge7 4. Nc3 g6 5. d4 exd4 6. Nd5 Bg7 7. Bg5 h6 8.
Bf6 Bxf6 9. Nxf6+ Kf8 10. Qd2 d5 11. Bxc6 Nxc6 12. Nxd5 Bf5 13. Nxc7 Qxc7 14.
exf5 Re8+ 15. Kf1 gxf5 16. g3 Qd8 $146 (16... Kg7 17. Kg2 Re4 18. Rhe1 Rd8 19.
Nh4 Qe5 20. f3 Re3 21. Rxe3 dxe3 22. Qxe3 Qxe3 23. Nxf5+ Kg6 24. Nxe3 Rd2+ 25.
Kf1 Rxh2 26. Rd1 h5 27. Rd6+ f6 28. Ng2 Ne5 29. Kf2 Rh1 30. b3 Kf7 31. Rd8 b5
32. Rb8 Rd1 33. Rb7+ Kf8 34. Ne1 a6 35. Rb6 {1-0 (35) Navara,D (2718)-Stevic,H
(2616) Bol 2014}) 17. Qd3 Qd5 18. Qb3 Qxb3 19. axb3 Kg7 20. Rd1 Kf6 21. Rd2 (
21. Nxd4 Rd8 22. c3 Nxd4 $132) 21... Re4 22. Kg2 Rhe8 23. Rhd1 Re2 24. Ng1 Rxd2
25. Rxd2 Re1 (25... Rd8 $11 {[%csl Rd4]}) 26. Ne2 Rb1 27. c3 d3 28. Nf4 Ne5 29.
Nd5+ Ke6 30. Nf4+ Kf6 31. b4 b6 32. b5 Kg7 33. b4 Rb3 34. Nd5 Rb1 35. f4 Rc1
36. fxe5 Rc2 37. Rf2 1-0

[Event "FRA-chT Top 12"]
[Site "Montpellier"]
[Date "2015.06.08"]
[Round "10.1"]
[White "Giri, Anish"]
[Black "Nataf, Igor Alexandre"]
[Result "1-0"]
[WhiteElo "2776"]
[BlackElo "2534"]
[PlyCount "67"]
[EventDate "2015.05.30"]
[EventType "team-tourn"]
[EventRounds "11"]
[EventCountry "FRA"]
[SourceTitle "CBM 166 Extra"]
[Source "ChessBase"]
[SourceDate "2015.06.18"]
[SourceVersion "1"]
[SourceVersionDate "2015.06.18"]
[SourceQuality "1"]
[WhiteTeam "Bischwiller"]
[BlackTeam "Strasbourg"]
[WhiteTeamCountry "FRA"]
[BlackTeamCountry "FRA"]

1. Nf3 Nf6 2. c4 g6 3. g3 Bg7 4. Bg2 c6 5. b3 O-O 6. Bb2 d6 7. d4 (7. O-O e5 8.
d3) 7... Qa5+ 8. Qd2 Qxd2+ 9. Nfxd2 $146 (9. Nbxd2 Re8 10. O-O Nbd7 11. e3 a5
12. a3 h6 13. b4 Nb6 14. Rac1 axb4 15. axb4 Ra2 16. Ba1 Bf5 17. Rfe1 Rea8 18.
Bc3 Ne4 19. Nxe4 Bxe4 20. Nd2 Bxg2 21. Kxg2 R8a3 22. Nb1 Rb3 23. Nd2 Rxc3 24.
Rxc3 Rxd2 25. c5 Nd5 26. Rb3 Ra2 27. cxd6 exd6 28. b5 c5 29. dxc5 dxc5 30. Rd3
Nc3 31. Rd8+ Bf8 32. Rb8 Nxb5 33. Rd1 Nc7 34. Rxb7 Ne6 35. h4 h5 36. Kg1 c4 37.
Rc1 Nc5 38. Rb8 Ra4 {Neiksans,A (2597)-Meskovs,N (2457) Warsaw 2015 0-1 (74)})
9... d5 10. Nc3 Rd8 11. e3 Na6 12. O-O Be6 13. Rfd1 Rac8 14. a3 b6 15. Rac1 Nb8
{Le signe que les Noirs n'ont pas totalement égalisé} 16. Ba1 Bg4 17. Re1 Be6
18. Ne2 Bf5 19. Nc3 Be6 20. h3 h5 21. Red1 Kf8 22. Bf1 c5 (22... Ke8) 23. dxc5
Rxc5 24. Nf3 Rdc8 25. Na4 R5c7 26. Be5 Rb7 27. Nd4 $16 {[%csl Gd4]} Bd7 {
[%csl Rb7,Rb8,Rd7] Les pièces Noires manquent d'espace} 28. Nc3 (28. Bg2 {
[%csl Rb7]}) 28... e6 29. Bg2 Nc6 30. Bd6+ Kg8 31. cxd5 Nxd4 32. exd4 Ne8 33.
dxe6 Nxd6 34. Bxb7 1-0

[Event "Sinquefield Cup 3rd"]
[Site "Saint Louis"]
[Date "2015.09.01"]
[Round "9"]
[White "Vachier Lagrave, Maxime"]
[Black "Giri, Anish"]
[Result "1/2-1/2"]
[WhiteElo "2731"]
[BlackElo "2793"]
[PlyCount "87"]
[EventDate "2015.08.23"]
[EventType "tourn"]
[EventRounds "9"]
[EventCountry "USA"]
[EventCategory "22"]
[SourceTitle "CBM 168"]
[Source "ChessBase"]
[SourceDate "2015.09.14"]
[SourceVersion "1"]
[SourceVersionDate "2015.09.14"]
[SourceQuality "1"]

1. e4 e5 2. Nf3 Nc6 3. Bb5 a6 4. Ba4 Nf6 5. O-O b5 6. Bb3 Bc5 7. c3 d6 8. d4
Bb6 9. Be3 O-O 10. Nbd2 h6 11. h3 Re8 12. Re1 Rb8 (12... exd4 {was seen by MVL
recently in his game against Svidler back in March. That game was drawn.}) 13.
a3 Na5 14. Ba2 exd4 (14... c5 {was Areschenko-Fedorchuk in 2012.}) 15. Bxd4 (
15. cxd4 Nxe4 16. Bxh6 {is complicated, but not necessarily better for White.})
15... Nc6 16. Bxb6 Rxb6 17. c4 {Black's position looks good, but perhaps his
next move was not the best} b4 (17... Be6 $11) 18. c5 $1 {A nice move. At the
cost of a pawn White's pieces gain activity and Black's structure really
suffers} dxc5 19. e5 Nh7 (19... Nh5 {is more active} 20. Ne4 Qe7 (20... Qxd1
21. Raxd1 b3 22. Bb1 c4 23. Nc3 Nf4 24. Re4) 21. Nf6+ Nxf6 22. exf6 Qd8) 20.
Ne4 Qxd1 21. Raxd1 b3 (21... bxa3 22. bxa3 Rb2 $132 23. Bc4 Nf8 24. Nxc5 Rc2
25. Rc1 Nxe5 26. Nxe5 Rxe5) 22. Bb1 c4 23. Nc3 {Slightly better for White,
despite the missing pawn. Black's structure is weak and it will take some time
to remaneuver all the pieces. However, White doesn't have anything that is
clear yet.} Nf8 24. Be4 Ne7 25. Na4 $6 {This idea simply improves Black's
position.} Rb5 26. Nd4 Ra5 {awkward but good enough, otherwise Black is just
too active.} 27. Nc3 g5 (27... Nfg6 $1 28. Nc6 Nxc6 29. Bxc6 Rf8 $15) 28. Bf3 (
28. g3 Nfg6 $1 $15) 28... Ne6 (28... Kg7 29. Be2 Rc5 $11) 29. Nc6 Nxc6 (29...
Rc5 30. Nxe7+ Rxe7 31. Nd5 Kf8 $1 {Was an idea to retain equality.}) 30. Bxc6
Rf8 31. Bd5 Nf4 32. Bxc4 Be6 33. Bxe6 Nxe6 34. Re3 Kg7 35. Ne2 Rb8 36. Nd4 Nxd4
37. Rxd4 Re8 {The rook endgame is now very drawish. Both sides have real
weaknesses.} 38. f4 gxf4 39. Rxf4 Rexe5 40. Rxb3 Rab5 41. Rbf3 f5 42. b4 a5 43.
Rc3 c5 44. bxc5 1/2-1/2